| 000 | 00695nam a22001937a 4500 | ||
|---|---|---|---|
| 999 |
_c171987 _d171987 |
||
| 005 | 20200124121312.0 | ||
| 010 | _aB-123162 | ||
| 020 |
_c70.00 _a8182230799 |
||
| 035 | _aB-123162 | ||
| 037 | _bBPPD/Pub. | ||
| 082 | _aک | ||
| 100 | _aسعادت حسن منٹو | ||
| 245 |
_aعزت کے لیے : کولیات منٹو- افسانے ، جلد 10 _cسعادت حسن منٹو / |
||
| 246 |
_aIzzat ke Liye: Kulliyat-e-Minto-Afsane vol. 10 / _bSaadat Hasan Manto ; edited by Humayun Ashraf |
||
| 260 |
_aDelhi _bEducational Publishing House _c2005 ء |
||
| 270 |
_a3108, Vakil Street, Kucha Pandit, Lal Kaun _bDelhi _e110006 |
||
| 300 |
_a107p. _c22cm(Hb) |
||
| 942 |
_2ddc _cUR _hک _mم ن ٹ |
||